Instrument for In-Process Control of Capacitance per Unit Length of an Electrical Wire; Measurement Techniques; Vol. 61, iss. 3

التفاصيل البيبلوغرافية
Parent link:Measurement Techniques
Vol. 61, iss. 3.— 2018.— [P. 278–283]
المؤلف الرئيسي: Vavilova G. V. Galina Vasilievna
مؤلف مشترك: Национальный исследовательский Томский политехнический университет Инженерная школа неразрушающего контроля и безопасности Отделение контроля и диагностики
مؤلفون آخرون: Goldstein (Goldshtein) A. E. Aleksandr Efremovich
الملخص:Title screen
A theoretical description and practical realization of a method for in-process control of the capacitance per unit length of a single core electrical wire are given. The standards regulating measurement of wire capacitance are presented and the limitedness of their use for in-process control is pointed out. Methods of primary and operating adjustments of the capacitance meter minimizing the measurement error are developed. The problem of determining the actual values of the capacitance of wire specimens is examined. The design, operating principle, and results of factory tests of the CAP-10 capacitance meter are described.
Режим доступа: по договору с организацией-держателем ресурса
اللغة:الإنجليزية
منشور في: 2018
الموضوعات:
الوصول للمادة أونلاين:https://doi.org/10.1007/s11018-018-1421-6
التنسيق: MixedMaterials الكتروني فصل الكتاب
KOHA link:https://koha.lib.tpu.ru/cgi-bin/koha/opac-detail.pl?biblionumber=658433

MARC

LEADER 00000naa0a2200000 4500
001 658433
005 20250205154837.0
035 |a (RuTPU)RU\TPU\network\26214 
090 |a 658433 
100 |a 20181015d2018 k||y0rusy50 ba 
101 1 |a eng 
102 |a US 
135 |a drcn ---uucaa 
181 0 |a i  
182 0 |a b 
200 1 |a Instrument for In-Process Control of Capacitance per Unit Length of an Electrical Wire  |f G. V. Vavilova, A. E. Goldstein (Goldshtein) 
203 |a Text  |c electronic 
300 |a Title screen 
320 |a [References: p. 283 (14 tit.)] 
330 |a A theoretical description and practical realization of a method for in-process control of the capacitance per unit length of a single core electrical wire are given. The standards regulating measurement of wire capacitance are presented and the limitedness of their use for in-process control is pointed out. Methods of primary and operating adjustments of the capacitance meter minimizing the measurement error are developed. The problem of determining the actual values of the capacitance of wire specimens is examined. The design, operating principle, and results of factory tests of the CAP-10 capacitance meter are described. 
333 |a Режим доступа: по договору с организацией-держателем ресурса 
461 |t Measurement Techniques 
463 |t Vol. 61, iss. 3  |v [P. 278–283]  |d 2018 
610 1 |a труды учёных ТПУ 
610 1 |a электронный ресурс 
610 1 |a провода 
610 1 |a емкость 
610 1 |a проводимость 
610 1 |a проницаемость 
700 1 |a Vavilova  |b G. V.  |c specialist in the field of non-destructive testing  |c Head of Laboratory, Associate Professor of Tomsk Polytechnic University, Candidate of Technical Sciences  |f 1981-  |g Galina Vasilievna  |3 (RuTPU)RU\TPU\pers\32607  |9 16520 
701 1 |a Goldstein (Goldshtein)  |b A. E.  |c Specialist in the field of non-destructive testing  |c Professor of Tomsk Polytechnic University, Doctor of technical sciences  |f 1954-  |g Aleksandr Efremovich  |3 (RuTPU)RU\TPU\pers\32322  |9 16296 
712 0 2 |a Национальный исследовательский Томский политехнический университет  |b Инженерная школа неразрушающего контроля и безопасности  |b Отделение контроля и диагностики  |3 (RuTPU)RU\TPU\col\23584 
801 2 |a RU  |b 63413507  |c 20181015  |g RCR 
856 4 |u https://doi.org/10.1007/s11018-018-1421-6 
942 |c CF